Інформаційні системи в державному менеджменті (Запис № 335417)

МАРК-запис
000 -LEADER
fixed length control field 00763nam a22002537a 4500
001 - CONTROL NUMBER
control field 49317
003 - CONTROL NUMBER IDENTIFIER
control field UA-OsUOA
005 - DATE AND TIME OF LATEST TRANSACTION
control field 20210511225737.0
007 - PHYSICAL DESCRIPTION FIXED FIELD--GENERAL INFORMATION
fixed length control field ta
008 - FIXED-LENGTH DATA ELEMENTS--GENERAL INFORMATION
fixed length control field 20070928b un ||||| |||| 00| 0 ukr d
020 ## - INTERNATIONAL STANDARD BOOK NUMBER
International Standard Book Number 9665747835
040 ## - CATALOGING SOURCE
Original cataloging agency UA-OsUOA
Language of cataloging ukr
Transcribing agency UA-OsUOA
Modifying agency UA-OsUOA
041 ## - LANGUAGE CODE
Language code of text/sound track or separate title ukr
080 ## - UNIVERSAL DECIMAL CLASSIFICATION NUMBER
Universal Decimal Classification number 330.47:658
090 ## - LOCALLY ASSIGNED LC-TYPE CALL NUMBER (OCLC); LOCAL CALL NUMBER (OCLC)
Classification number (OCLC) (R) ; Classification number, CALL (RLIN) (NR) 330.47:658
Local cutter number (OCLC) ; Book number/undivided call number, CALL (RLIN) К 21
100 ## - MAIN ENTRY--PERSONAL NAME
Personal name Каранфілов М. С.
245 ## - TITLE STATEMENT
Title Інформаційні системи в державному менеджменті
Remainder of title навч. посіб.
260 ## - PUBLICATION, DISTRIBUTION, ETC. (IMPRINT)
Place of publication, distribution, etc К.
Name of publisher, distributor, etc КНЕУ
Date of publication, distribution, etc 2006
300 ## - PHYSICAL DESCRIPTION
Extent 456 с.
650 #7 - SUBJECT ADDED ENTRY--TOPICAL TERM
Topical term or geographic name as entry element 330 Економіка взагалі
Source of heading or term UDC
942 ## - ADDED ENTRY ELEMENTS (KOHA)
Koha item type Книги
Source of classification or shelving scheme Universal Decimal Classification
955 ## - COPY-LEVEL INFORMATION (RLIN)
Classification number, CCAL (RLIN) Навчальні видання
Фонди
Withdrawn status Lost status Source of classification or shelving scheme Damaged status Not for loan Home library Current library Date acquired Source of acquisition Cost, normal purchase price Inventory number Total Checkouts Full call number Barcode Date last seen Price effective from Koha item type Collection code
    Universal Decimal Classification     ЧЗ - Читальна зала ЧЗ - Читальна зала 28/09/2007 157/2007 30.30 108387   330.47:658 К 21 108387 07/02/2022 28/09/2007 Книги  
    Universal Decimal Classification     ЧЗ - Читальна зала ЧЗ - Читальна зала 28/09/2007 157/2007 30.30 108388   330.47:658 К 21 108388 07/02/2022 28/09/2007 Книги  
    Universal Decimal Classification     ЧЗ - Читальна зала ЧЗ - Читальна зала 28/02/2012 16/2012 30.00 137343   330.47:658 К21 137343 07/02/2022 28/02/2012 Книги  
    Universal Decimal Classification     ЧЗ - Читальна зала ЧЗ - Читальна зала 03/07/2012 49/2012 30.00 139758   658:004 К21 139758 07/02/2022 03/07/2012 Книги Колекція Штурхецького С.В.